000 00280nam a22001337a 4500
008 170830b xxu||||| |||| 00| 0 eng d
020 _a2901572300346
041 _aeng
080 _a070
100 _a40
101 _aMED
245 _aSIGN WARS
_cGOLDMAN.R
942 _2udc
_cBK
999 _c25647
_d25647